El mundo del arte (Record no. 140496)

MARC details
000 -LEADER
fixed length control field nam a22 4500
005 - DATE AND TIME OF LATEST TRANSACTION
control field 20180503121603.0
008 - FIXED-LENGTH DATA ELEMENTS--GENERAL INFORMATION
fixed length control field 180503b bl||||| |||| 00| 0 spa d
050 04 - LIBRARY OF CONGRESS CALL NUMBER
Classification number N31
Item number M86 1996
245 03 - TITLE STATEMENT
Title El mundo del arte
Statement of responsibility, etc / Trewin Copplestone, Bernardo S. Myers, planificadores de obra
246 34 - VARYING FORM OF TITLE
Title proper/short title El mundo del arte :
Remainder of title las artes plásticas de sus orígenes a la actualidad
250 ## - EDITION STATEMENT
Edition statement 1a ed.
260 ## - PUBLICATION, DISTRIBUTION, ETC. (IMPRINT)
Place of publication, distribution, etc Brasil :
Name of publisher, distributor, etc expressao e cultura,
Date of publication, distribution, etc 1966.
300 ## - PHYSICAL DESCRIPTION
Extent 10 vol. :
Other physical details il. ;
Dimensions 29 cm.
504 ## - BIBLIOGRAPHY, ETC. NOTE
Bibliography, etc Incluye bibliografía e indice.
505 0# - FORMATTED CONTENTS NOTE
Title V.1 El arte prehistórico y primitivo /
Statement of responsibility Andreas Lommel
Title V.2 Mundo antiguo /
Statement of responsibility Giovanni Garbini
Title V.3 Antigüedad clásica /
Statement of responsibility Donald Strong
Title V.4 Cristianidad clásica y bizantina /
Statement of responsibility Jean Lassus
Title V.5 Mundo islámico /
Statement of responsibility Ernst J. Grube
Title V.6 Mundo oriental /
Statement of responsibility Jeannine Auboyer
Title V.7 Mundo medieval /
Statement of responsibility Peter Kidson
Title V.8 El renacimiento /
Statement of responsibility Andrew Martindale
Title V.9 El barroco /
Statement of responsibility Michael Kitson
Title V.10 Arte moderno /
Statement of responsibility Norbert Lyton
650 #7 - SUBJECT ADDED ENTRY--TOPICAL TERM
Source of heading or term lemb
Topical term or geographic name as entry element Artes plasticas
Form subdivision Enciclopedias
700 1# - ADDED ENTRY--PERSONAL NAME
Dates associated with a name director
Personal name Copplestone, Trewin
700 1# - ADDED ENTRY--PERSONAL NAME
Personal name Myers, Bernardo S.
Dates associated with a name director
700 1# - ADDED ENTRY--PERSONAL NAME
Personal name Lommel, Andreas
Relator term autor
700 1# - ADDED ENTRY--PERSONAL NAME
Personal name Garbini, Giovanni
Relator term autor
700 1# - ADDED ENTRY--PERSONAL NAME
Personal name Strong, Donald
Relator term autor
700 1# - ADDED ENTRY--PERSONAL NAME
Personal name Lassus, Jean
Relator term autor
700 1# - ADDED ENTRY--PERSONAL NAME
Personal name J. Grube, Ernst
Relator term autor
700 1# - ADDED ENTRY--PERSONAL NAME
Personal name Auboyer, Jeannine
Relator term autor
700 1# - ADDED ENTRY--PERSONAL NAME
Personal name Kidson, Peter
Relator term autor
700 1# - ADDED ENTRY--PERSONAL NAME
Personal name Martindale, Andrew
Relator term autor
700 1# - ADDED ENTRY--PERSONAL NAME
Personal name Kitson, Michael
Relator term autor
700 1# - ADDED ENTRY--PERSONAL NAME
Personal name Lyton, Norbert
Relator term autor
942 ## - ADDED ENTRY ELEMENTS (KOHA)
Source of classification or shelving scheme Biblioteca del Cogreso de los Estados Unidos
Koha item type Libro
Holdings
Estado de pérdida Fuente de clasificación Estado del daño No para préstamo Ubicación permanente Ubicación actual Apartado o colección Fecha de adquisición Fuente de adquisición Edición Área del conocimiento Clasificación Código de Barras Date last seen Número de copia Tipo de recurso
  Biblioteca del Cogreso de los Estados Unidos     Biblioteca de la Facultad de Bellas Artes Biblioteca de la Facultad de Bellas Artes Consulta 03/05/2018 Donación 1a ed. Educación y Humanidades N31 M86 1996 BBA000002176 03/05/2018 C:1 V.1 Libro
  Biblioteca del Cogreso de los Estados Unidos     Biblioteca de la Facultad de Bellas Artes Biblioteca de la Facultad de Bellas Artes Consulta 04/05/2018 Donación 1a ed. Educación y Humanidades N31 M86 1996 BBA000002177 04/05/2018 C:1 V.2 Libro
  Biblioteca del Cogreso de los Estados Unidos     Biblioteca de la Facultad de Bellas Artes Biblioteca de la Facultad de Bellas Artes Consulta 04/05/2018 Donación 1a ed. Educación y Humanidades N31 M86 1996 BBA000002178 04/05/2018 C:1 V.3 Libro
  Biblioteca del Cogreso de los Estados Unidos     Biblioteca de la Facultad de Bellas Artes Biblioteca de la Facultad de Bellas Artes Consulta 04/05/2018 Donación 1a ed. Educación y Humanidades N31 M86 1996 BBA000002179 04/05/2018 C:1 V.4 Libro
  Biblioteca del Cogreso de los Estados Unidos     Biblioteca de la Facultad de Bellas Artes Biblioteca de la Facultad de Bellas Artes Consulta 04/05/2018 Donación 1a ed. Educación y Humanidades N31 M86 1996 BBA000002180 04/05/2018 C:1 V.5 Libro
  Biblioteca del Cogreso de los Estados Unidos     Biblioteca de la Facultad de Bellas Artes Biblioteca de la Facultad de Bellas Artes Consulta 04/05/2018 Donación 1a ed. Educación y Humanidades N31 M86 1996 BBA000002181 04/05/2018 C:1 V.6 Libro
  Biblioteca del Cogreso de los Estados Unidos     Biblioteca de la Facultad de Bellas Artes Biblioteca de la Facultad de Bellas Artes Consulta 04/05/2018 Donación 1a ed. Educación y Humanidades N31 M86 1996 BBA000002182 04/05/2018 C:1 V.7 Libro
  Biblioteca del Cogreso de los Estados Unidos     Biblioteca de la Facultad de Bellas Artes Biblioteca de la Facultad de Bellas Artes Consulta 04/05/2018 Donación 1a ed. Educación y Humanidades N31 M86 1996 BBA000002183 04/05/2018 C:1 V.8 Libro
  Biblioteca del Cogreso de los Estados Unidos     Biblioteca de la Facultad de Bellas Artes Biblioteca de la Facultad de Bellas Artes Consulta 04/05/2018 Donación 1a ed. Educación y Humanidades N31 M86 1996 BBA000002184 04/05/2018 C:1 V.9 Libro
  Biblioteca del Cogreso de los Estados Unidos     Biblioteca de la Facultad de Bellas Artes Biblioteca de la Facultad de Bellas Artes Consulta 04/05/2018 Donación 1a ed. Educación y Humanidades N31 M86 1996 BBA000002185 04/05/2018 C:1 V.10 Libro